TNA X-Division Champions - Statistics

General Stats
  • This quiz has been taken 697 times
    13 since last reset
  • The average score is 29 of 55
Answer Stats
Title Reigns Last Won Champion % Correct
6 2006 AJ Styles
100%
1 2025 Leon Slater
100%
1 2009 Alex Shelley
91%
1 2026 Cedric Alexander
91%
10 2023 Chris Sabin
91%
1 2021 Josh Alexander
91%
1 2007 Kurt Angle
91%
1 2024 Moose
91%
5 2014 Samoa Joe
91%
3 2006 Christopher Daniels
82%
5 2017 Low Ki
82%
1 2011 Abyss
73%
2 2010 Douglas Williams
73%
2 2016 Eddie Edwards
73%
2 2008 Petey Williams
73%
1 2016 Bobby Lashley
64%
1 2018 Brian Cage
64%
5 2022 Kazarian
64%
3 2020 Manik / Suicide
64%
1 2024 Mustafa Ali
64%
3 2022 Ace Austin
55%
6 2015 Austin Aries
55%
1 2020 Chris Bey
55%
1 2009 Homicide
55%
6 2010 Jay Lethal
55%
2 2002 Jerry Lynn
55%
2 2015 Rockstar Spud
55%
2 2022 Trey Miguel
55%
3 2010 Amazing Red
45%
1 2008 Eric Young
45%
1 2019 Rich Swann
45%
1 2010 Robbie E
45%
1 2002 Syxx-Pac
45%
3 2017 Trevor Lee
45%
1 2024 Zachary Wentz
45%
1 2019 Jake Crist
36%
1 2023 Lio Rush
36%
2 2004 Michael Shane
36%
3 2024 Mike Bailey
36%
1 2020 Rohit Raju
36%
1 2017 Sonjay Dutt
36%
2 2016 Zema Ion
36%
2 2015 Kenny King
27%
1 2012 Rob Van Dam
27%
1 2008 Sheik Abdul Bashir
27%
1 2002 Sonny Siaki
27%
1 2015 Tigre Uno
27%
1 2020 Willie Mack
27%
1 2011 Brian Kendrick
18%
1 2008 Johnny Devine
18%
1 2003 Kid Kash
18%
1 2018 Matt Sydal
18%
1 2016 Mike Bennett
18%
1 2014 Sanada
18%
1 2017 Taiji Ishimori
18%
No matching quizzes found
Score Distribution
Percent of People with Each Score
Percentile by Number Answered
Your Score History
You have not taken this quiz since the last reset